Markétka už chodí do školy /

Hlavní autor: Špačková, Alena
Jazyk: Čeština
Vydáno: [Říčany] : Junior, [2002?]
Vydání: České vyd.
Témata:
2 2
Fyzický popis: 62 s. : barev. il. ; 23 cm
Knihy
Uloženo v:
LEADER 00906nam a2200289 a 4500
001 000642040
003 CZ BrMZK
005 20030106145048.0
007 ta
008 021212s2002 xr f cze d
020 |a 80-7267-091-3  |q (váz.) :  |c Kč 169.00 
040 |a LIA001  |b cze  |c BOA001 
041 1 |a cze  |h eng 
080 |a 82-93  |2 MRF 
080 |a 82-32  |2 MRF 
100 1 |a Špačková, Alena  |7 jn20001103512  |4 aut 
245 1 0 |a Markétka už chodí do školy /  |c [text Alena Špačková] 
250 |a České vyd. 
260 |a [Říčany] :  |b Junior,  |c [2002?] 
300 |a 62 s. :  |b barev. il. ;  |c 23 cm 
655 7 |a příběhy  |7 fd133204  |2 czenas 
655 7 |a publikace pro děti  |7 fd133156  |2 czenas 
765 0 |t Camille  |9 Česky 
910 |a BOA001  |b 2-1109.743 
967 |a 2  |b 2 
990 |a BK 
996 6 |b 2610177394  |c 2-1109.743  |l MZK  |r Sklad / do 1 hodiny  |n 1  |p p.v.  |w 000642040  |u 000010  |a 1  |e BOA001  |j MZK50  |s P